[Event "HUN-ch"]
[Site "Lillafured"]
[Date "1999.02.02"]
[Round "2"]
[White "Tolnai, Tibor"]
[Black "Acs, Peter"]
[Result "1-0"]
[WhiteElo "2535"]
[BlackElo "2521"]
[Annotator "Horn,Pe"]
[PlyCount "79"]
[EventDate "1999.02.01"]
[EventType "tourn"]
[EventRounds "9"]
[EventCountry "HUN"]
[EventCategory "13"]
[SourceTitle "CBM 070"]
[Source "ChessBase"]
[SourceDate "1999.06.08"]
[SourceVersion "1"]
[SourceVersionDate "1999.06.08"]
[SourceQuality "1"]

1. c4 Nf6 2. g3 c6 3. Bg2 d5 4. Qc2 e5 5. d3 h6 (5... Bb4+ 6. Nd2 (6. Bd2 Bxd2+
7. Nxd2 O-O 8. Ngf3 (8. Rc1 Re8 9. e3 Bf5 10. e4 dxe4 11. dxe4 Bg4 12. f3 Be6
$15 {Sakov,A-Rozanov,P/Moscow 1996}) 8... Qe7 9. e3 Na6 10. O-O Re8 11. a3 Bf5
12. b4 Rad8 13. cxd5 cxd5 14. Qb3 e4 15. Nd4 Bg6 16. dxe4 dxe4 $11 {Heissler,
J-Mueller,K/BL9495}) 6... O-O 7. a3 Bd6 (7... Bxd2+ 8. Bxd2 Re8 9. Bg5 d4 10.
Nf3 h6 11. Bxf6 Qxf6 12. O-O Bf5 13. b4 $14 {Giardelli,S-Rubinetti,J/Acasusso
1991}) 8. Ngf3 Qe7 (8... Re8 9. c5 Bc7 10. O-O Bg4 11. h3 Bh5 12. e4 a5 13. Rb1
a4 14. b4 axb3 15. Rxb3 Ra7 16. a4 Nbd7 17. Bb2 Qa8 18. Ra3 Ra6 19. Rfa1 Qa7
20. Nb3 b6 21. cxb6 Bxb6 22. a5 $14 {Forintos,G-Lukacs,P/HUN-ch 1986}) (8...
Bg4 9. O-O h6 10. b4 Nbd7 11. Bb2 Re8 12. e4 Rc8 13. Rac1 Nf8 14. Rfe1 Ng6 15.
Qb3 d4 16. c5 $13 {Antoshik,A-Hrtanek,J/CZE-chT9495}) 9. e3 (9. O-O a5 10. b3
e4 11. dxe4 dxe4 12. Ng5 e3 13. Bb2 Nbd7 14. Nde4 Nxe4 15. Nxe4 exf2+ 16. Rxf2
Be5 $15 {Udovcic,M-Pachman,L/Bled 1961}) 9... a5 10. b3 h6 11. O-O Re8 12. Bb2
Nbd7 13. Rfe1 e4 14. dxe4 dxe4 $132 {Abravanel,C-Plachetka,J/Cannes 1990}) (
5... Bd6 $5 6. Nd2 O-O 7. Ngf3 Re8 8. O-O a5 9. Rd1 Na6 $132 {Kuhn,D-Thiel,K/
Wuppertal 1986}) (5... Be6 6. b3 (6. Nf3 Nbd7 7. O-O Bd6 8. e4 h6 9. b3 d4 10.
Nh4 g5 11. Nf5 Bxf5 12. exf5 a5 13. Nd2 Nc5 14. Ba3 Qd7 15. Rae1 $36 {Cruz,
F-Pacheco Asmat,J/PER-ch43 1995}) 6... Bd6 7. Nc3 d4 8. Ne4 Nxe4 9. dxe4 Bb4+
10. Bd2 Bxd2+ 11. Qxd2 c5 12. f4 exf4 13. gxf4 Qh4+ 14. Kf1 Nc6 15. Nf3 Qe7 16.
h4 h5 17. Ne1 Bg4 18. Nd3 f6 19. Rb1 $14 {Angantysson,H-Bjarnason,S/ISL-ch 1993
}) (5... Na6 6. Nd2 Bc5 7. Nh3 O-O 8. a3 Bg4 9. Ng5 h6 10. Ngf3 Re8 $15 {
Gerigk,W-Apel,S/BL2-N 1994}) (5... dxc4 6. dxc4 Be6 7. Nf3 Nbd7 8. O-O Be7 9.
Nbd2 O-O 10. b3 h6 11. Bb2 Qc7 12. Rad1 Rfe8 13. Nh4 Bf8 14. e4 Rad8 $11 {
Smyslov,V-Sveshnikov,E/Moscow 1994}) 6. b3 (6. Nf3 Bd6 7. O-O O-O 8. e4 (8. Nc3
Nbd7 9. Bd2 a6 10. e4 dxc4 11. dxc4 a5 12. Rad1 Qc7 13. Nh4 Re8 14. Nf5 Bf8 15.
Na4 Nc5 16. Nxc5 Bxc5 17. a3 Bxf5 18. exf5 e4 19. b4 Bxf2+ 20. Rxf2 e3 $11 {
Zwaig,A-Ogaard,L/NOR-ch 1975}) (8. Nbd2 Be6 9. b4 Nbd7 10. Rb1 Rc8 11. e4 Re8
12. c5 Bf8 13. Bb2 Qc7 14. Rfe1 d4 15. Nc4 b6 $1 16. cxb6 axb6 17. a3 b5 18.
Ncd2 c5 $17 {Jakobsen,O-Zagorskis,D/Copenhagen 1998}) 8... dxe4 9. dxe4 c5 10.
Nc3 Nc6 11. Be3 Nd4 12. Bxd4 cxd4 13. Nb5 Bb8 14. Ne1 Bd7 15. Na3 h5 16. Nd3 h4
17. c5 Qe7 $11 {Kortschnoj,V-Botvinnik,M/Moscow 1952/URS-ch}) (6. Nd2 Be6 7.
Ngf3 Nbd7 8. O-O Bd6 9. b3 O-O 10. e3 Qe7 11. Bb2 Bg4 12. h3 Bf5 13. e4 dxe4
14. dxe4 Bh7 15. Nh4 Ba3 16. Nf5 Bxf5 17. exf5 a5 $11 {Abravanel,C-Koch,J/Val
Thorens 1988}) 6... Bd6 (6... Bb4+) 7. Bb2 O-O 8. Nd2 Re8 9. e4 a5 10. Ne2 Na6
11. a3 b5 (11... Bg4 $5) 12. O-O Rb8 13. d4 bxc4 14. bxc4 dxe4 15. Nxe4 Bf5 $11
(15... Nxe4 16. Bxe4 exd4 17. Bxd4 Qe7 18. Bf3 $11) 16. Nxf6+ Qxf6 17. Qd2 exd4
({Einfacher war} 17... Bc7) 18. Nxd4 {Es fällt Schwarz jetzt nicht leicht,
Nutzen aus der wackeligen Lage der weißen Figuren in der Diagonale b2-g7 zu
ziehen.} Bc5 {[%cal Rb8b2]} (18... Be4 19. Nb3 Qf5 20. Bxe4 Rxe4 (20... Qxe4
21. Rae1 Qxc4 22. Nxa5 Qd5 23. Qc3 $16) 21. Qc2 (21. Qxd6 Rxb3 $17) 21... Qg4
22. Nxa5 (22. f3 Rxc4 $17) 22... Re2 23. Qd3 Bc7 24. h3 $1 Qe6 25. Bc3 $14) (
18... Bd3 $5 $132) 19. Bc3 (19. Nb3 Qg6 20. Nxa5 Red8 21. Qc1 Be4 $44) 19...
Rbd8 (19... Be4 20. Nb3 Qg6 (20... Qf5 21. Bxe4 Rxe4 22. Nxa5 $14) 21. Bxe4
Rxe4 (21... Qxe4 22. Nxa5 Qf3 23. Bd4 Re2 24. Qc3 $14) 22. Nxa5 $14 (22. Nxc5
$2 Nxc5 $15)) 20. Nxf5 $1 Qxf5 $8 21. Qf4 Qxf4 22. gxf4 Re2 (22... Rd6 $5 23.
Bxa5 Re2) 23. Bxc6 Rd6 24. Bg2 Rc2 25. Be5 (25. Bxa5 $142 Rxc4 26. Rfe1 $14)
25... Rdd2 26. Rad1 Bxf2+ 27. Kh1 Nc5 (27... Bd4 28. Rxd2 Rxd2 $11) 28. Rxd2
Rxd2 29. Bc3 Ra2 30. Bxa5 Nd3 (30... Rxa3 $11) 31. Be4 Nxf4 $2 (31... Bc5 32.
Bxd3 Rxa3 $11) 32. Bb4 g5 33. c5 Bd4 34. Bf5 $2 ({Der direkte Weg war hier
vorzuziehen:} 34. c6 Be5 35. Bb1 Re2 36. Rc1 (36. Re1 Rxe1+ 37. Bxe1 $16) 36...
Rf2 (36... Kg7 37. Rc2 Rxc2 38. Bxc2 Bc7 39. a4 Nd5 40. Bd2 Ne7 41. Bc3+ Kf8
42. Be4 f5 43. Bg2) 37. Bc5 Re2 {[%cal Rf4h3]} 38. Bf5 $16) 34... Be5 35. Re1 (
35. c6 Nd5 $11) 35... f6 $2 {Es scheint, daß erst dies verliert.} (35... Rf2 $1
{[%cal Rf4e2]} 36. Be4 (36. Kg1 Bd4 (36... Rg2+ 37. Kf1 (37. Kh1 Rf2 $11) 37...
Bd4 38. Re8+ $8 Kg7 39. Ke1 Kf6 40. Be4 Re2+ 41. Kd1 Be5 42. Bf3 Rxh2 43. c6
Ne6 $132) 37. Kh1 (37. c6 Ne2+ 38. Kh1 Be5 39. Rxe2 Rxe2 $19) 37... Be5 $11) (
36. Rxe5 $4 Rf1#) 36... f5 37. Bg2 (37. Bb7 Nd3 $132) 37... Nxg2 38. Rxe5 Nh4 {
[%cal Rh4f3]} 39. Kg1 Rc2 40. Kf1 f4 $11) 36. c6 $18 Re2 37. Rd1 Nh3 38. Rd2
Re1+ 39. Kg2 Nf4+ 40. Kf3 1-0

[Event "Beersheba"]
[Site "Beersheba"]
[Date "1992.??.??"]
[Round "11"]
[White "Akopian, Vladimir Eduardovic"]
[Black "Alterman, Boris"]
[Result "1/2-1/2"]
[WhiteElo "2605"]
[BlackElo "2515"]
[Annotator "Horn,Pe"]
[PlyCount "70"]
[EventDate "1992.03.??"]
[EventType "schev"]
[EventRounds "3"]
[EventCountry "ISR"]
[SourceTitle "CBM 030"]
[Source "ChessBase"]
[SourceDate "1992.10.01"]
[SourceVersion "1"]
[SourceVersionDate "1992.10.01"]
[SourceQuality "1"]

1. Nf3 Nf6 2. c4 g6 3. g3 c6 4. b3 Bg7 5. Bb2 O-O 6. Bg2 d5 7. O-O a5 8. d3 Na6
(8... a4 9. Nbd2 Qb6 (9... axb3 10. axb3 Rxa1 11. Qxa1 Qb6 12. Qa3 Na6 13. Bd4
$36) 10. Bc3 $14) (8... Re8 9. Nbd2 Nbd7 10. d4 a4 11. e3 b5 12. c5 Qa5 $10 {
Ribli-Nunn, Skelleftea 1989}) 9. Nbd2 (9. a3) 9... a4 10. cxd5 (10. Bc3 Nc5 11.
Qc2 Ne6 12. Be5 Ng4 13. Bxg7 Nxg7 14. b4 $14 {Ivanov-Kozlov, Moskau 1991})
10... cxd5 11. bxa4 Nc5 12. Bd4 Nxa4 13. Qb3 Qa5 14. Rfc1 Nd7 15. Bxg7 Kxg7 16.
Qa3 e6 17. Nb3 Qd8 18. Nbd4 b6 19. Nc6 (19. Nb5 $14) 19... Qf6 20. d4 b5 21.
Qb3 Nab6 $1 22. Qxb5 Ba6 23. Qb2 Nc4 24. Qc3 Rfc8 25. Nb4 Bb5 26. Qe1 Ndb6 27.
Nd3 (27. e3 {/\ Nd2}) 27... Qe7 28. e3 Ra3 29. Nc5 Rca8 30. Rc2 Na4 31. Qb4 {
/\ Rxc4} (31. Nxa4 Bxa4 32. Re2 Bb3) 31... Nxc5 32. Qxb5 (32. Qxc5 $2 Qxc5 33.
dxc5 Rc8 $17) 32... Ne4 {/\ Nc3} 33. Qb1 Nc3 34. Qf1 Nxa2 35. Nd2 Nxd2 1/2-1/2

[Event "Bern op"]
[Site "Bern"]
[Date "1992.??.??"]
[Round "7"]
[White "Barle, Janez"]
[Black "Flear, Glenn C"]
[Result "1/2-1/2"]
[WhiteElo "2430"]
[BlackElo "2495"]
[Annotator "Horn,Pe"]
[PlyCount "81"]
[EventDate "1992.02.??"]
[EventType "swiss"]
[EventRounds "9"]
[EventCountry "SUI"]
[SourceTitle "CBM 028"]
[Source "ChessBase"]
[SourceDate "1992.06.01"]
[SourceVersion "1"]
[SourceVersionDate "1992.06.01"]
[SourceQuality "1"]

1. Nf3 d5 2. g3 Nf6 3. Bg2 c6 4. O-O Bf5 5. d3 e6 6. c4 dxc4 7. dxc4 Qxd1 8.
Rxd1 Bc2 9. Rf1 Na6 {N} (9... Nbd7 10. Nc3 Be7 11. Bf4 Nh5 12. Be3 Nhf6 13.
Rac1 Bg6 14. h3 Ne4 (14... O-O) 15. Bd4 f6 (15... Bf6 16. b4) 16. Rfd1 Nd6 $2 (
16... e5 17. Be3) 17. c5 $1 Nf5 18. g4 Nxd4 19. Nxd4 Bf7 20. b4 $16 {
Inkiov-Smagin, Moskau 1985}) 10. Bf4 h6 11. Nc3 Rd8 (11... Be7 $2 12. Nd4 Bg6
13. Nxc6 bxc6 14. Bxc6+ $18) 12. Rac1 Bh7 13. Rfd1 Rxd1+ 14. Rxd1 Bb4 $1 15.
Nb5 $1 (15. Bd6 $6 Bxc3 16. bxc3 Ne4 $15) 15... O-O (15... cxb5 16. cxb5 Nc5
17. a3 Ba5 18. b4) 16. Nd6 (16. Nxa7 $2 Bc5 $19) 16... Rd8 17. a3 Bc2 (17...
Ba5 18. b4 Bc7 19. c5) 18. Rd4 Bc5 19. Rd2 Bxd6 20. Rxd6 Rxd6 21. Bxd6 $14 Be4
22. b4 Ne8 23. Bf4 Kf8 24. Bf1 (24. Kf1 $14) 24... Ke7 25. Nd2 Bc2 26. Be3 $6 (
26. Bg2 $14) 26... b6 27. Bg2 Ba4 28. Ne4 Nd6 29. Nxd6 Kxd6 30. Be4 Bb3 31. Bd3
c5 $1 32. Bf4+ e5 $10 33. Bd2 Nb8 34. f4 Nc6 35. Bc3 f6 36. e3 cxb4 37. axb4 a5
38. c5+ bxc5 39. bxa5 Nb4 40. fxe5+ fxe5 41. Bb1 1/2-1/2

[Event "RUS-ch 54th"]
[Site "Elista"]
[Date "2001.05.09"]
[Round "9"]
[White "Makarov, Marat"]
[Black "Pridorozhni, Aleksei"]
[Result "1-0"]
[WhiteElo "2511"]
[BlackElo "2352"]
[Annotator "Horn,Pe"]
[PlyCount "41"]
[EventDate "2001.04.29"]
[EventType "swiss"]
[EventRounds "9"]
[EventCountry "RUS"]
[SourceTitle "CBM 083"]
[Source "ChessBase"]
[SourceDate "2001.07.05"]
[SourceVersion "1"]
[SourceVersionDate "2001.07.05"]
[SourceQuality "1"]

1. Nf3 d5 2. g3 c6 3. Bg2 Bg4 4. c4 e6 5. O-O Nd7 6. d3 Ngf6 7. cxd5 exd5 8.
Nc3 Be7 (8... Bd6) 9. e4 O-O (9... dxe4 10. dxe4 O-O 11. Qc2 Nc5 12. Rd1 Qc8
13. Be3 $14 {Radulov,I-Lukasiewicz,G/Clichy 2000}) (9... Nc5) (9... Ne5) 10. h3
Bh5 11. Qc2 Nc5 ({Ein gewisses Zugeständnis ist} 11... Bxf3 {: Schwarz braucht
sich kein Kopfzerbrechen mehr zu machen, was seinem B drohen könnte, beraubt
sich aber dafür aktiver Möglichkeiten. Bislang konnte Weiß mit den Ergebnissen
nach diesem Zug sehr zufrieden sein. Wenn Schwarz schon so spielen will,
sollte er dies nach h2-h3 tun.} 12. Bxf3 $14) 12. Nh4 ({Eine wichtige
Alternative ist} 12. g4 {, z.B.:} dxe4 13. dxe4 Bg6 14. Ne5 Re8 15. Be3 Bf8 16.
Rad1 Qc7 17. f4 $16 {Gelman,A-Mitbreit,D/Moscow 1995}) 12... d4 $2 $146 {
Das macht strategisch wenig Sinn: die weiße Majorität (Pe4,f2,g3,h3) gewinnt
an Kraft und Schwarz beraubt sich seiner Optionen in der d-Linie.} ({Den
typischen Kampf kann man besser in der folgenden Partie studieren:} 12... Re8
13. Nf5 Bf8 14. b4 Ne6 15. Rb1 Rc8 16. Qb2 h6 17. Nh4 dxe4 18. dxe4 Nd7 19. f4
f6 20. Kh1 Nb6 21. Nf5 Qc7 22. a4 Rcd8 23. a5 Nc8 24. Qc2 (24. Be3 $5) 24...
Nd6 $132 {Malaniuk,V-Vyzmanavin,A/Groningen 1993}) ({Das Endspiel nach} 12...
dxe4 13. dxe4 Qd3 14. Qxd3 Nxd3 {scheint für Weiß recht angenehm zu sein.} 15.
Bg5 h6 16. Be3 Nxb2 17. Rfb1 Nc4 18. Rxb7 Nxe3 19. Rxe7 Nxg2 20. Kxg2 $14 {
Davies-Kuijf/Graested/1990}) 13. Nb1 Nfd7 14. Nf5 Bg6 (14... Ne5 {klappt nicht:
} 15. g4 (15. Bd2 {geht auch.}) 15... Bg6 16. Nxe7+ Qxe7 17. f4 $16) 15. Nxe7+
Qxe7 16. b4 Ne6 $2 {Ein grober Fehler.} ({Nötig war} 16... Na6 17. a3 c5 $14)
17. f4 $18 f5 18. exf5 Bxf5 19. g4 Bxd3 20. Qxd3 Qxb4 21. Ba3 1-0

[Event "Novosibirsk"]
[Site "Novosibirsk"]
[Date "1995.??.??"]
[Round "4"]
[White "Goldin, Alexander"]
[Black "Rublevsky, Sergei"]
[Result "1/2-1/2"]
[WhiteElo "2585"]
[BlackElo "2595"]
[Annotator "Horn,Pe"]
[PlyCount "102"]
[EventDate "1995.10.??"]
[EventType "tourn"]
[EventRounds "11"]
[EventCountry "RUS"]
[EventCategory "15"]
[SourceTitle "CBM 050"]
[Source "ChessBase"]
[SourceDate "1996.02.01"]
[SourceVersion "1"]
[SourceVersionDate "1996.02.01"]
[SourceQuality "1"]

1. Nf3 {Hecht Kasparov} d5 2. g3 Nf6 3. Bg2 Bf5 4. c4 e6 5. Qb3 Na6 (5... Nc6)
(5... Qc8) 6. d3 (6. cxd5 exd5 7. Nd4 (7. Qxb7 $2 Nc5 8. Qb5+ c6 9. Qxc6+ Bd7
$19) (7. O-O Nc5 8. Qe3+ Be7 9. Nh4 (9. d4 $5 $10) 9... Bd7 10. b4 Nce4 (10...
Na6 $5) 11. Qb3 {1/2-1/2 Kochiyev,A-Matlak,M/Moscow-B 1988}) (7. d4 $5 $10)
7... Bc8 8. Nc3 c6 $10 (8... c5 $5 $13) 9. O-O Bc5 10. Nf3 O-O 11. d4 Be7 12.
Bf4 Nc7 13. Rad1 Ne6 14. Bc1 Re8 15. Rfe1 Qb6 16. Qc2 Nf8 17. Bg5 Be6 (17...
Ne6 $10) 18. Na4 Qb5 19. Nc5 Bxc5 (19... h6) 20. dxc5 Ne4 21. Nd4 Qa5 22. Be3
Bd7 23. Rb1 (23. a3 $5) 23... Ng6 (23... Qxa2 24. Ra1 Qc4 25. Qxc4 dxc4 26. Ra5
a6 27. Rc1 Rad8 28. Rxc4 $10) 24. b4 Qc7 25. Rb3 f5 (25... b6) 26. Qc1 (26. f3
Nf6 27. Nxf5 Bxf5 28. Qxf5 a5 29. bxa5 Qxa5 30. Ra1 $16) 26... Qe5 27. Nf3 Qe7
{1/2-1/2 Romanishin-Polugaevsky/SU 1980}) (6. d4 Nb4 7. Na3 dxc4 8. Qxc4 Be4 9.
O-O Be7 (9... c6 $10) 10. b3 O-O 11. Bb2 a5 12. Ne5 Bd5 13. Qc3 Bxg2 14. Kxg2
a4 (14... c5 $5 15. dxc5 Qd5+ 16. Qf3 Bxc5 $14) 15. Rfd1 axb3 16. axb3 c6 17.
Nac4 Qc7 18. Qf3 Rxa1 19. Rxa1 $16 {Todorcevic,M-Holzhaeuer,M/St Martin op/1991
}) (6. Qb5+ $2 {Eine alte, nicht ganz stichhaltige Empfehlung von Kasparov 
(eine Jugendsünde).} c6 7. Qxb7 Nc5 $1 {Das war Kasparov (damals) entgangen.} (
7... Nb4 $2 8. Ne5 $1 {[%cal Rb7f7]} Nd7 $1 (8... Nc2+ 9. Kd1 Qc8 10. Qxf7+ Kd8
11. g4 $1 Nxa1 12. gxf5 exf5 13. cxd5 cxd5 14. Nc3 $18) (8... Be7 9. Nxc6 Nxc6
10. Qxc6+ Nd7 11. Nc3 Rc8 12. Qa6 Rxc4 13. Qxa7 $16) 9. Nxd7 Nc2+ 10. Kd1 Nxa1
11. e4 $6 (11. Ne5 $1 {[%cal Rb7f7] nicht von Kasparov, aber anscheinend
besser.} Bc2+ {was sonst wollte Kasparov mit 11.e4 vermeiden?} 12. Ke1 Qc8 13.
Qxf7+ Kd8 14. d3 {[%cal Rc1g5]} h6 15. Nc3) 11... dxe4 $2 (11... Qc8 $1 {
Deswegen gefällt mir 11.e4 nicht so gut.} 12. Qxc8+ Rxc8 13. Nxf8 (13. exf5
Kxd7 14. fxe6+ fxe6 15. b3 dxc4 16. bxc4 Rb8 17. Nc3 $13) 13... dxe4 14. Na3 (
14. Nc3 Bg4+ $13) 14... Rxf8 15. b3 $13) 12. Ne5 Bg6 13. Nxg6 (13. Bxe4 {
nicht von Kasparov, aber auch nicht schlecht.} Bh5+ 14. g4 $18) 13... hxg6 14.
Bxe4 {+- Kasparov-Analyse 1975}) 8. Qxc6+ Nfd7 $17 {[%csl Rc6] /\ Rc8}) (6. O-O
Be7 7. d3 (7. Qxb7 $5 Nb4 8. Qb5+ c6 9. Qa4 Nc2 10. Nh4 Nxa1 11. Nxf5 exf5 12.
cxd5 O-O 13. dxc6 {Osnos}) 7... O-O 8. Be3 (8. Qxb7 Nc5 9. Qb5 (9. Qc6 Rb8)
9... c6 10. Qxc6 Rc8 11. Qb5 Rb8 $10) 8... c5 9. Na3 Qb6 10. Nb5 Nb4 $2 (10...
Nc7) 11. Qxb4 $1 cxb4 12. Bxb6 axb6 13. cxd5 exd5 14. Nfd4 $16 {
Malaniuk-Andrianov/URS/1982}) 6... Nc5 (6... c6 7. Qxb7 $2 (7. O-O $142 Qb6)
7... Nc5 8. Qxc6+ Nfd7 9. cxd5 Rc8 10. d4 Ne4 11. O-O Rxc6 12. dxc6 Nb6 13. Bf4
Bd6 $19 {Spiridonov-Sliwa/Zinnowitz/1967}) 7. Qc2 c6 8. O-O (8. Nh4 Bg4 9. h3
Bh5 10. Nd2 Be7 11. g4 Bg6 12. Nxg6 hxg6 13. b3 O-O 14. Bb2 Re8 15. O-O Ncd7
16. f4 Bc5+ 17. d4 Bd6 18. c5 Bb8 19. e3 $14 {Akesson-Kudrin/1984}) 8... h6 (
8... Be7 9. b3 O-O 10. Bb2 a5 11. Nbd2 {Das ist eine ganz normale
Reti-Stellung mit dem Nc5 statt Nd7.} Nfd7 12. Rad1 h6 13. Rfe1 Bf6 14. Qc1 $2
(14. Rc1) 14... Qb6 (14... Bxb2 $5) 15. Nf1 Bg6 16. d4 Ne4 17. Ne3 $6 Be7 18.
Nc2 Qa6 19. Bf1 $6 a4 $17 {Forintos,G-Komarov,D/Bozen op/1992}) (8... a5 9. b3
h6 10. Bb2 Be7 11. Nbd2 O-O 12. a3 Rc8 13. Rac1 Bh7 14. Qb1 b5 15. cxb5 cxb5
16. Ne5 Nfd7 17. Nxd7 Qxd7 18. Bc3 b4 19. axb4 axb4 20. Bd4 f6 21. Bh3 Nb7 22.
Qa1 Ra8 23. Qb2 Nd6 24. Rc2 Nb5 25. Nf3 Ra6 26. Ra1 Na3 $2 (26... Rfa8) 27.
Rcc1 Qb7 28. Qd2 e5 29. Bc5 Rfa8 30. Bxe7 Qxe7 31. Nh4 Rb8 $2 (31... Qb7) 32.
d4 $1 $16 {Goldin,A-Rachels,S/USA-op Los Angeles/1991}) 9. Be3 Ncd7 10. Qb3 Qc7
(10... dxc4 11. Qxc4 $14) 11. cxd5 exd5 12. Rc1 Be7 13. Nc3 {[%cal Rc3d5]} Be6
(13... Qc8 $14) 14. Nb5 Qa5 15. Nbd4 Qa6 16. Nxe6 (16. Nh4 $5 $16) 16... fxe6
17. d4 (17. Bh3 e5) 17... Ne4 18. Ne5 $1 Nxe5 19. dxe5 {[%csl Re4]} Ng5 20. Qc2
(20. f4 Nf7 (20... Ne4 21. Qd3) 21. Bc5 Bxc5+ 22. Rxc5 O-O 23. e4 Qb6 24. Qxb6
axb6 25. Rc2) 20... Kf7 (20... O-O 21. f4 Nf7 22. Bh3 $16 {[%csl Re6]}) 21. f4
Ne4 (21... Nh7 22. Bh3 Nf8 23. f5 $40) 22. Bxe4 (22. Qd3 $5 $16) 22... dxe4 23.
Qc4 $1 (23. Qxe4 Qxe2 24. Rc2 Qg4 $14) 23... Qxc4 24. Rxc4 Rhd8 25. Rxe4 b5 26.
a4 a6 27. Rc1 Rac8 28. Bc5 Bxc5+ 29. Rxc5 Rd5 30. Rc2 c5 31. axb5 axb5 32. Re3
Rd1+ 33. Kf2 c4 34. b3 (34. Ra3 Rcd8 35. Ra5 R8d5 36. Kf3 $16) 34... Rb1 (34...
cxb3 35. Rb2 Rc2 36. Rexb3 Rxb2 37. Rxb2 Rd5 38. e4 Rc5 39. Ke3 $16) 35. Rcc3
$2 (35. bxc4 $1 b4 36. c5 b3 37. Rc4 Rb8 (37... b2 38. Rb3) 38. Ree4 b2 39. Rb4
$18) (35. Rec3 $2 Rxb3 $1 36. Rxb3 cxb3 37. Rb2 (37. Rxc8 b2 $19) 37... Rc3 $17
) 35... g5 36. bxc4 b4 37. Rb3 gxf4 (37... Rxb3 38. Rxb3 Rxc4 39. Ke3 gxf4+ (
39... Kg6 40. Kd3 Rc1 41. Rxb4 Rh1 42. e4 Rxh2 43. Rb6 Rh3 44. Rxe6+ Kh5 45. f5
Rxg3+ 46. Kd4) 40. Kd3 Rc1 41. gxf4 Rh1 42. Rxb4 Rxh2 43. Rb7+ Ke8 44. e3 h5
45. Rh7 h4 46. Kd4 h3 47. Kc5) 38. gxf4 (38. Rxb1 $2 fxe3+ 39. Kxe3 Rxc4 40.
Kd3 Rc5 41. Rxb4 Rxe5 42. e4 Ra5 $16) 38... Rxb3 39. Rxb3 {Hecht: T - T Motive:
Bilden eines zentralen wFreibauern; Analyseidee: wT hinter e-Freibauer!} Rxc4
40. Kf3 Kg6 41. e4 Kh5 42. h3 Kh4 43. f5 (43. Ke3 Kxh3 44. f5 exf5 45. exf5 Kg4
$10) 43... exf5 44. Kf4 $6 (44. exf5 Kg5 45. f6 h5 $1 (45... Rf4+ 46. Kg3 Rf5
47. Rxb4 Rxe5 48. f7 Rf5 49. Rg4+ $18) (45... Kg6 46. Re3 Rc7 (46... Kf7 47.
e6+ Ke8 48. Rd3 Rc1 49. Ke2 Rc2+ 50. Ke3 Rc8 51. Rd7) 47. Kf4 Kf7 48. Kf5 Rc5
49. Rd3 Rb5 50. Rd7+ Ke8 51. f7+ $18) (45... Kf5 {Hecht} 46. Re3 Ke6 47. Kg3 b3
48. Rxb3 Kxe5 49. Rf3 Rc8 $10) 46. Kg3 (46. Re3 Kg6 $14) 46... Kg6 47. Re3 Rc3
48. Kf3 Ra3 49. Ke4 h4 50. Kd4 b3 51. Re1 b2 52. Rb1 $14) 44... fxe4 45. Kf5 (
45. e6 e3+ 46. Kf5 e2 47. Re3 b3 48. Rxe2 Rc2 49. Re4+ Kxh3 (49... Kg3 {Hecht}
50. Re3+ $18) 50. e7 b2 51. e8=Q Rc5+ 52. Kf4 b1=Q 53. Qd7+ $18 {Hecht: Bitte
prüfen!}) 45... e3 46. Rxe3 (46. e6 $5 {Hecht siehe vorher}) 46... Rc3 47. Re4+
Kxh3 48. Rxb4 (48. e6 {Hecht} b3 49. e7 b2 50. e8=Q b1=Q 51. Qh5+ Kg2 $10 {
Fesselung Te4}) 48... h5 49. e6 (49. Kg5 Kg3 $1 50. Re4 Rc5 51. Re3+ (51. Kxh5
Kf3 52. Re1 Kf4 $10) 51... Kf2 52. Kf4 Rc4+ 53. Re4 Rxe4+ 54. Kxe4 h4 $10)
49... h4 50. Rd4 (50. e7 Rc8 51. Kg5 Rg8+ 52. Kf6 Kg3 53. Rd4 Re8 54. Rd8 Rxe7
55. Kxe7 h3 $10) 50... Rc8 51. Rd3+ Kg2 1/2-1/2

[Event "RUS-ch"]
[Site "Elista"]
[Date "1994.??.??"]
[Round "10"]
[White "Vaulin, Alexander"]
[Black "Solozhenkin, Evgeniy"]
[Result "1-0"]
[WhiteElo "2550"]
[BlackElo "2505"]
[Annotator "Horn,Pe"]
[PlyCount "41"]
[EventDate "1994.09.??"]
[EventType "swiss"]
[EventRounds "11"]
[EventCountry "RUS"]
[SourceTitle "CBM 044"]
[Source "ChessBase"]
[SourceDate "1995.02.01"]
[SourceVersion "1"]
[SourceVersionDate "1995.02.01"]
[SourceQuality "1"]

1. c4 c6 2. g3 d5 3. Bg2 Nf6 4. Nf3 dxc4 5. Qc2 Qd5 6. Nc3 Qf5 $6 $146 (6...
Qa5 7. b3 cxb3 8. Qxb3 e6 9. O-O Be7 10. d4 O-O 11. e4 Na6 $15 {Lukacs/Hazai})
(6... Qh5 7. Ne4 (7. b3 cxb3 8. Qxb3 Nbd7 9. d4 e6 $15 {Lukacs/Hazai}) (7. Nd1
e5 8. Ne3 e4 9. Nh4 Be6 10. Bxe4 Nxe4 11. Qxe4 Nd7 12. Nhg2 Nc5 13. Qc2 Qg6 14.
Qc3 Ne4 15. Qc2 Nc5 16. Qc3 {Remis/Tseitlin-Pinter/Beersheba/1991}) 7... Nxe4
8. Qxe4 Be6 9. Qf4 Qf5 (9... Na6 10. O-O Rd8 11. b3 Qf5 12. Qxf5 Bxf5 13. bxc4
f6 14. d3 e5 15. Rb1 Rd7 16. Nd2 Nc5 17. Nb3 {Hug-Adams/Luzern/1991}) 10. Qc7
Bc8 11. Ne5 Qe6 12. d4 Na6 13. Qa5 f6 14. Nf3 Qd6 15. O-O g6 $13 {
Landenbergue-Soffer/Genf op/1991}) 7. e4 Qh5 8. Ne2 $1 e5 $2 (8... Qb5 $13) (
8... Qa5 9. Qxc4 $16) 9. h3 Na6 10. g4 Nxg4 (10... Qg6 11. Nxe5 Qh6 12. d4 Qh4
13. Nf3 $18) (10... Qh6 11. g5 $18) 11. Ng3 Qg6 12. hxg4 Nb4 13. Qxc4 Be6 14.
Qc3 Nxa2 15. Nxe5 Qf6 16. Rxa2 Bxa2 17. d4 Qe6 18. g5 Rd8 19. Be3 g6 20. O-O
Bd6 21. Nxc6 1-0